Statistics for Bible Trivia Challenge Quiz #1.5

Click here to take the quiz!

General Stats

  • This quiz has been taken 1,015 times
    (375 since last reset)
  • The average score is 9 of 20

Answer Stats

Question Answer % Correct
What was Saul of Tarsus' name changed to?Paul
93%
What was Jacob's name changed to?Israel
83%
According to the Bible, the true Sabbath is on what day?Saturday, the Seventh-Day
82%
How many churches did John write too?Seven
79%
How many fruits of the spirit are mentioned in Galatians?Nine
66%
In what way was Elijah taken up into Heaven?By a Whirlwind
63%
What is 1 Corinthians chapter 13 known as?The Love Chapter
59%
Who did Samuel think was calling him in the night?Eli
53%
What were the first 4 kingdoms represented by the statue in Daniel's dream?Babylon
46%
What book of the Bible is the story of the Dry Bones found in?Ezekiel
45%
Which prophet had hot coals touched to his lips by an angel?Isaiah
42%
What is the beginning of Matthew chapter 5 known for?The Beatitudes
37%
Media and Persia
34%
Rome
34%
Which 2 creatures did God tell Job about?Leviathan
29%
What queen did Esther end up replacing?Queen Vashti
27%
Greece
23%
Behemoth
21%
Besides Jonah, which prophet went to preach to Nineveh?Nahum
15%
What did Elisha cast into a city's source of water to make it sweet?Salt
14%

Score Distribution

Percentile by Number Answered

Percent of People with Each Score

Your Score History

You have not taken this quiz since the last reset